| Поле | Инд. | ПП | Название | Значение |
|---|---|---|---|---|
| Тип записи | a | |||
| Библиографический уровень | b | |||
| 001 | Контрольный номер | 777bb3ffa94b46a487b463969e8d6b4f | ||
| 005 | Дата корректировки | 20200522192013.2 | ||
| 008 | Кодируемые данные | 20170331 | ||
| 040 | b | Код языка каталог. | rus | |
| e | Правила каталог. | PSBO | ||
| 041 | 0_ | a | Код языка текста | rus |
| 084 | a | Индекс другой классификации/Индекс ББК | 67.402(2Рос) | |
| 100 | 1_ | a | Автор | Еремин С. Г. |
| 245 | 10 | a | Заглавие | Современная концепция внешних источников "мягкого права" в системе источников финансового права России |
| 650 | 14 | a | Основная рубрика | право; финансовое право |
| 653 | 0_ | a | Ключевые слова | "мягкое право" |
| a | Ключевые слова | источники права | ||
| a | Ключевые слова | концепция права | ||
| a | Ключевые слова | публичные финансы | ||
| a | Ключевые слова | Россия | ||
| 773 | 08 | t | Заглавие источника | Российская юстиция |
| d | Дата издания источника | 2020 | ||
| g | Прочая информация | № 2. - С. 14 - 18 | ||
| w | Контрольный № источника | bd79b8de93a941129b7f256c84795769 | ||
| 901 | t | Тип документа | b |